• 首页
  • 本馆介绍
  • 公告通知
  • 最新文献
  • 馆藏检索
  • 电子资源
  • 读者荐购
  • 参考咨询
  • CALIS
  • 我的图书馆
  • 登录
  • 详细信息显示
  • 放入我的书架
  • 预约/预借图书
  • 作者相关作品
  • 分类相关作品
  • 丛书相关作品
  • 出版社相关作品

书目信息

  • 表格格式
  • 工作单格式
  • 卡片格式
题名:
中国城市化区域发展问题研究
    
 
作者: 王嗣均 主编
分册:  
出版信息: 北京   高等教育出版社  1996.01
页数: 430页
开本: 32开
丛书名:
单 册:
中图分类: F299.2
科图分类:
主题词: 城市经济 , 市政经济
电子资源:
ISBN: 7-04-005739-5
 
 
 
 
 
000 00612nam0 2200205 45
001 0106250813
005 20010625085358.9
010    @a7-04-005739-5@d26.50元
100    @a20010625d1996 km y0chiy0120 ea
101 0  @achi
105    @a z 000yy
200 1  @a中国城市化区域发展问题研究@AZhong Guo Cheng Shi Hua Qu Yu Fa Zhan Wen Ti Yan Jiu@f王嗣均主编@FWang Si Jun Zhu Bian
210    @a北京@c高等教育出版社@d1996.01
215    @a430页@d32开
606 0  @a城市经济
606 0  @a市政经济
690    @aF299.2@v3
701  0 @a王嗣均@4主编
801    @aCN@bPftUser@c20010625
905    @f5@b350396-400@dF299.2@eW340
    
    中国城市化区域发展问题研究/王嗣均主编.-北京:高等教育出版社,1996.01
    430页;32开
    
    
    ISBN 7-04-005739-5:26.50元
    
●
相关链接 在E读中查询图书 在当当中查询图书 在豆瓣中查询图书


正题名:中国城市化区域发展问题研究     索取号:F299.2/W340         预约/预借

序号 登录号 条形码 馆藏地/架位号 状态 备注
1 350396   203503967   社科库409/409社科库 114排2列3层/ [索取号:F299.2/W340] 在馆    
2 350397   203503976   社科二线422/409社科库 114排2列4层/ [索取号:F299.2/W340] 在馆    
3 350398   203503985   社科库409/422社科库 46排3列4层/ [索取号:F299.2/W340] 在馆    
4 350399   203503994   社科库409/422社科库 46排3列4层/ [索取号:F299.2/W340] 在馆    
5 350400   203504001   社科二线422/409社科库 114排2列4层/ [索取号:F299.2/W340] 在馆    
河南城建学院图书馆 欢迎您!
大连网信软件有限公司© 版权所有